000 00646nam a2200229 i 4500
001 BINCO
003 CO-MdBIC
005 20240610163857.0
008 221012b2022 ck a|||| |||| 00| 0 spa d
020 _a9789583373077
040 _aCO-MdBIC
_bspa.
_cCO-MdBIC
_dCO-MdBIC
041 _aspa
082 _223
_a808.8
_bOB13
100 _aObregon S., Elkin,
_d(1940-2021)
245 _aCuentos solidarios
_c/ Elkin Obregon S.
264 _aMedellín, Antioquia :
_bConfiar Cooperativa Financiera,
_c[2022]
264 _c©2022
300 _a128 páginas :
_c20 cm.
690 _aMicro historias
690 _aLiteratura juvenil
942 _cLGB
999 _c68287
_d68287